The Constitution of India/ (Record no. 202590)

MARC details
000 -LEADER
fixed length control field 00540 a2200193 4500
005 - DATE AND TIME OF LATEST TRANSACTION
control field 20240502165916.0
010 ## - LCCN (DPL NO)
LC control number B-758849
020 ## - INTERNATIONAL STANDARD BOOK NUMBER
International Standard Book Number 9788175347144
Terms of availability 170.00
035 ## - SYSTEM CONTROL NUMBER
System control number B-758849
037 ## - SOURCE OF ACQUISITION
Source of stock number/acquisition Gift/Unesco
082 ## - DEWEY DECIMAL CLASSIFICATION NUMBER
Classification number 342.54
100 ## - MAIN ENTRY--PERSONAL NAME
Personal name Bakshi, P.M.
245 ## - TITLE STATEMENT
Title The Constitution of India/
Remainder of title P.M. Bakshi
260 ## - PUBLICATION, DISTRIBUTION, ETC. (IMPRINT)
Place of publication, distribution, etc Delhi
Name of publisher, distributor, etc Universal
Date of publication, distribution, etc 2009
270 ## - ADDRESS
Address Delhi
300 ## - PHYSICAL DESCRIPTION
Extent 438 p.;
Dimensions 24cm. (pb)
942 ## - ADDED ENTRY ELEMENTS (KOHA)
Institution code [OBSOLETE] dpl
Item type English Books
Source of classification or shelving scheme Dewey Decimal Classification
Classification part 342.54
Call number suffix BAK
Holdings
Withdrawn status Lost status Not for loan Collection code Home library Current library Date acquired Source of acquisition Cost, normal purchase price Full call number Barcode Copy number Cost, replacement price Koha item type Public note
      Non-fiction Central Jail Tihar Central Jail Tihar 02/05/2024 Gift/29.4.24 170.00 342.54 BAK B-758849 1 170.00 English Books Gift

© Delhi Public Library
Hit Counter
free hit counter